| 000 | 00785cam a2200217 4500 | ||
|---|---|---|---|
| 001 | WB3710-31 | ||
| 008 | 000000n2001 000 0 eng u | ||
| 035 | _a(Sirsi) u111299 | ||
| 245 | _aOFT announces new approach to Fair Trading | ||
| 260 | _c2001 | ||
| 490 |
_aOFT Press Release _v(pn09/01) 27 February 2001, (3) |
||
| 520 | _aLooks at the criteria for new OFT-approved codes of practice, which are outlined in a recently published consultation document. The OFT is adopting a more rigorous approval scheme for these codes. | ||
| 590 | _aWB | ||
| 650 | _aOFT | ||
| 650 | _aCODES OF PRACTICE | ||
| 650 | _aTRADE ASSOCIATIONS | ||
| 650 |
_aDISPUTE RESOLUTION _96236 |
||
| 650 | _aCONSUMERS | ||
| 690 | _aMANAGEMENT-BUSINESS MANAGEMENT-PROFESSIONAL PRACTICE | ||
| 942 | _n0 | ||
| 999 |
_c66321 _d66321 |
||